000 00534 a2200205 4500
005 20260226122459.0
008 260226b |||||||| |||| 00| 0 eng d
020 _a9781009633017
_cRs. 895.00
040 _aMAIN
082 _a537.6
_bG875I(5)
100 _aGriffiths, David J
245 _aIntroduction to electrodynamics
250 _a5th
260 _bCambridge University Press
_c2025
_aNew Delhi
300 _axix, 602
650 _aElectricity
650 _aMagnetism
650 _aElectromagnetic Theory
942 _cBK
999 _c396426
_d396426